[Event "Niedersachsen-chT U14"]
[Site "Verden"]
[Date "2001.05.27"]
[Round "7.4"]
[White "Wolf, Christoph"]
[Black "Freckmann, Daniel"]
[Result "1-0"]
[WhiteElo "1039"]
[BlackElo "999"]
[PlyCount "93"]
[EventDate "2001.05.??"]
[EventType "team"]
[EventRounds "7"]
[EventCountry "GER"]
[SourceTitle "EXT 2003"]
[Source "ChessBase"]
[SourceDate "2002.11.25"]
[SourceVersion "1"]
[SourceVersionDate "2002.11.25"]
[SourceQuality "1"]

1. e4 e5 2. Nf3 Nf6 3. Nxe5 d6 4. Nf3 Nxe4 5. d4 d5 6. Bd3 h6 7. 0-0 Bf5 8. Re1 Nd7 9. Nc3 Ndf6 10. Nd2 Bb4 11. f3 Bxc3 12. bxc3 Qe7 13. fxe4 dxe4 14. Bxe4 Bxe4 15. Nxe4 Nxe4 16. Qf3 0-0 17. Qxe4 Qd7 18. Qxb7 Rfb8 19. Qe4 Re8 20. Qh4 Rec8 21. Qg3 Kh7 22. Qe3 Re8 23. Qf2 Rxe1+ 24. Qxe1 Rc8 25. Qh4 c5 26. Qe4+ f5 27. Qd3 cxd4 28. cxd4 Rxc2 29. Qxc2 Qxd4+ 30. Kf1 Qxa1 31. Qxf5+ g6 32. Qf7+ Qg7 33. Qxg7+ Kxg7 34. Kf2 Kf6 35. Bxh6 Kf5 36. Kf3 g5 37. Bxg5 Kxg5 38. g3 Kh5 39. g4+ Kg6 40. Kf4 a5 41. h4 a4 42. h5+ Kf6 43. g5+ Kg7 44. Kf5 a3 45. h6+ Kg8 46. Kf6 Kf8 47. h7 1-0

[Event "Niedersachsen-chT U14"]
[Site "Verden"]
[Date "2001.05.24"]
[Round "2.4"]
[White "Bussas, Michael"]
[Black "Freckmann, Daniel"]
[Result "1/2-1/2"]
[WhiteElo "1089"]
[BlackElo "999"]
[PlyCount "104"]
[EventDate "2001.05.??"]
[EventType "team"]
[EventRounds "7"]
[EventCountry "GER"]
[SourceTitle "EXT 2003"]
[Source "ChessBase"]
[SourceDate "2002.11.25"]
[SourceVersion "1"]
[SourceVersionDate "2002.11.25"]
[SourceQuality "1"]

1. e4 e5 2. Nf3 Nf6 3. Nc3 Bb4 4. Bc4 Nc6 5. 0-0 0-0 6. d3 Bxc3 7. bxc3 d6 8. Ne1 h6 9. f4 b6 10. a4 Bd7 11. fxe5 Nxe5 12. Bb3 b5 13. a5 c6 14. Ba3 c5 15. d4 Nc6 16. dxc5 dxc5 17. Bxc5 Re8 18. Qd3 Be6 19. Bxe6 Qxd3 20. Bxf7+ Kxf7 21. cxd3 Rac8 22. Nc2 Ne5 23. d4 Nc4 24. e5 Rxc5 25. dxc5 Rxe5 26. c6 Rc5 27. Nd4 Ke7 28. Nf5+ Kf7 29. Rfe1 Rxf5 30. Rad1 Rc5 31. Rf1 Rxc6 32. Rd7+ Kg6 33. Rd3 Nxa5 34. Re1 Nc4 35. Re7 a5 36. Rg3+ Kf5 37. Rf3+ Kg6 38. Rg3+ Kh7 39. Rgxg7+ Kh8 40. Rg3 Rc8 41. Rg6 Re8 42. Rxh6+ Kg8 43. Rxe8+ Nxe8 44. Rh5 Nc7 45. Rc5 Ne6 46. Rxb5 Nf4 47. Kf2 Nd3+ 48. Ke2 Ndb2 49. Rxa5 Nxa5 50. g4 Nac4 51. h4 Ne5 52. g5 Kg7 1/2-1/2